Microscopic countries in Europe - Statistics

General Stats
  • This quiz has been taken 46 times
  • The average score is 5 of 5
Answer Stats
Hint Answer % Correct
Borders: Italy San Marino
100%
Borders: Italy Vatican City
100%
Borders: Spain, France Andorra
98%
Borders: Austria, Switzerland Liechtenstein
91%
Borders: France Monaco
91%
No matching quizzes found
Score Distribution
Percent of People with Each Score
Percentile by Number Answered
Your Score History
You have not taken this quiz